| 000 | 00433nam a22001697a 4500 | ||
|---|---|---|---|
| 005 | 20180319113702.0 | ||
| 008 | 160503b xxu||||| |||| 00| 0 eng d | ||
| 020 | _a81-7188294-3 | ||
| 041 | _aeng | ||
| 082 |
_b1138 _a336.205 |
||
| 100 |
_aAcademic Foundation Bulletin _9335 |
||
| 245 | _aReports on Indias Tax Reforms | ||
| 260 |
_aNew Delhi _bAcademic Faundation _c2003 |
||
| 300 | _a605 | ||
| 650 |
_aManagement _9241 |
||
| 942 | _cBK | ||
| 999 |
_c444 _d444 |
||